000 00961nam a22002417a 4500
999 _c15238
_d15238
003 AR-CdUCM
008 190425b ||||| |||| 00| 0 spa d
020 _a9972-876-02-0
040 _aMUNICIPALIDAD PROVINCIAL DEL CUSCO
_cBIBLIOTECA MUNICIPAL DEL CUSCO
082 _aPI / 372.46 /
_bN29
110 _aCorporación gráfica navarrete
_928585
245 _aPequeños genios :
_bAprestamiento integrado, 4 años /
260 _aPerú :
_bNavarrete,
_c2010.
300 _a284 paginas ;
_bIlustraciones,
_c27 cm.
440 _aColección Unicornio Azul
_926896
505 _aContenido : Mis amigos del colegio y yo -- La familia feliz -- Mi comunidad y sus trabajadores -- Celebremos la fiesta de la patria -- Cuido mi planeta ...
650 _aAprendo con papá y mamá
_934112
650 _aConociendo mi tierra
_934113
650 _aTexto para niños (as)
_934114
650 _aColoreando todo
_934115
942 _2ddc
_cLIBROS
945 _arum
_d2019-04-26